| 000 | 01315cam a22003853a 4500 | ||
|---|---|---|---|
| 001 | 7060 | ||
| 003 | PGUSA | ||
| 005 | 20140828083140.0 | ||
| 008 | 041201s2004||||xxu|||||s|||||000 1 eng d | ||
| 040 |
_aPGUSA _beng |
||
| 042 | _adc | ||
| 050 | 4 | _aPZ | |
| 050 | 4 | _aPR | |
| 100 | 1 |
_aHenty, G. A. _q(George Alfred), _d1832-1902 |
|
| 245 | 1 | 0 |
_aAt Agincourt _h[electronic resource] / _cG. A. Henty |
| 260 |
_bProject Gutenberg, _c2004 |
||
| 506 | _aPublic domain in the USA. | ||
| 516 | _aElectronic text | ||
| 653 | _aRiots -- Juvenile fiction | ||
| 653 | _aMassacres -- Juvenile fiction | ||
| 653 | _aYouth -- Conduct of life -- Juvenile fiction | ||
| 653 | _aCivil war -- Juvenile fiction | ||
| 653 | _aConduct of life -- Juvenile fiction | ||
| 653 | _aParis (France) -- History -- Juvenile fiction | ||
| 653 | _aKings and rulers -- Juvenile fiction | ||
| 653 | _aKnights and knighthood -- Juvenile fiction | ||
| 653 | _aFrance -- History -- Charles VI, 1380-1422 -- Juvenile fiction | ||
| 653 | _aAgincourt, Battle of, Agincourt, France, 1415 -- Juvenile fiction | ||
| 653 | _aCourage -- Juvenile fiction | ||
| 653 | _aHistorical fiction | ||
| 653 | _aCruelty -- Juvenile fiction | ||
| 830 | 0 |
_aProject Gutenberg _v7060 |
|
| 856 | 4 | 0 | _uhttp://www.gutenberg.org/ebooks/7060 |
| 942 | _cEB | ||
| 999 |
_c236380 _d236380 |
||